[Event "AUTO-MASTER-2889"]
[Site "http://www.queenalice.com/game.php?id=1589186"]
[Date "2019.11.6"]
[Round "1"]
[White "wermon"]
[Black "AyltonChessGM"]
[Result "1-0"]
[WhiteElo "2137"]
[BlackElo "1897"]

1. e4 c5 2. Nf3 Nc6 3. d4 cxd4 4. Nxd4 e5 5. Nb5 d6 6. N1c3 a6 7. Na3 f5 8. Bd3
fxe4 9. Bxe4 Nf6 10. Bg5 Be7 11. Qd2 Nxe4 12. Nxe4 Bxg5 13. Qxg5 Qxg5 14. Nxg5
h6 15. Ne4 Ke7 16. O-O-O Rd8 17. Rd2 d5 18. Ng3 1-0

[Event "AUTO-MASTER-2889"]
[Site "http://www.queenalice.com/game.php?id=1589201"]
[Date "2019.11.6"]
[Round "1"]
[White "atbn"]
[Black "wermon"]
[Result "0-1"]
[WhiteElo "1950"]
[BlackElo "2113"]

1. e4 c5 2. Nf3 d6 3. Nc3 Nc6 4. d4 cxd4 5. Nxd4 Nf6 6. Bb5 Bd7 7. Be3 e6 8. O-O
Be7 9. Qd2 O-O 10. Nxc6 Bxc6 11. Bxc6 bxc6 12. f4 Qc7 13. Bd4 e5 14. fxe5 dxe5
15. Be3 Ng4 16. Rad1 Rab8 17. Na4 Rb4 18. b3 Rxe4 19. Nc5 Rxe3 0-1

[Event "AUTO-MASTER-2889"]
[Site "http://www.queenalice.com/game.php?id=1589202"]
[Date "2019.11.6"]
[Round "1"]
[White "wermon"]
[Black "atbn"]
[Result "1/2-1/2"]
[WhiteElo "2115"]
[BlackElo "2019"]

1. e4 e5 2. Nf3 Nc6 3. Bb5 Bc5 4. c3 Nf6 5. d4 exd4 6. e5 Ng4 7. cxd4 Bb4+ 8.
Nc3 Ne7 9. O-O O-O 10. h3 Nh6 11. Bxh6 gxh6 12. Qd2 Nf5 13. Bd3 d5 14. Bxf5 Bxf5
15. Qxh6 Bxc3 16. bxc3 Kh8 17. Nh4 Bg6 18. f4 Be4 19. f5 Rg8 20. g4 Qg5 21. Qxg5
Rxg5 22. Rf4 h5 23. c4 Kg7 24. cxd5 Bxd5 25. f6+ Kh6 26. Nf5+ Kh7 27. Ne7 Be6
28. d5 Bd7 29. Nf5 hxg4 30. hxg4 Bxf5 31. Rxf5 Rxg4+ 32. Kf2 Kg6 33. Rf3 Rd8 34.
e6 fxe6 35. f7 Kg7 36. dxe6 Kf8 37. Re3 Ke7 38. a3 Rf4+ 39. Kg2 Rf6 40. Rae1 c5
41. Rf3 Rxf3 42. Kxf3 Rd3+ 43. Re3 Rxe3+ 44. Kxe3 b5 45. Ke4 a5 46. Kd5 c4 47.
Kd4 a4 48. Kc3 Kf8 49. Kb4 Ke7 50. Kc3 Kf8 51. Kb4 Ke7 52. Kc3 Kf8 53. Kb4 Ke7
54. Kc3 Kf8 55. Kb4 Ke7 56. Kc3 1/2-1/2

[Event "AUTO-MASTER-2889"]
[Site "http://www.queenalice.com/game.php?id=1589213"]
[Date "2019.11.6"]
[Round "1"]
[White "wermon"]
[Black "Anusha"]
[Result "1-0"]
[WhiteElo "2120"]
[BlackElo "2126"]

1. e4 e6 2. d4 d5 3. Nc3 Nf6 4. Bg5 Be7 5. e5 Nfd7 6. h4 Bxg5 7. hxg5 Qxg5 8.
Nh3 Qe7 9. Nf4 Nc6 10. Bb5 Ncb8 11. Qg4 g6 12. Rh6 Qf8 13. Qg5 c6 14. Bd3 c5 15.
Nb5 Na6 16. Nd6+ 1-0

[Event "AUTO-MASTER-2889"]
[Site "http://www.queenalice.com/game.php?id=1589214"]
[Date "2019.11.6"]
[Round "1"]
[White "Anusha"]
[Black "wermon"]
[Result "1-0"]
[WhiteElo "2156"]
[BlackElo "2126"]

1. d4 Nf6 2. Nf3 g6 3. Bg5 Bg7 4. c3 d5 5. e3 O-O 6. Bd3 b6 7. Nbd2 Nbd7 8. h3
c5 9. O-O Qc7 10. Bc2 Bb7 11. Bf4 e5 12. dxe5 Nh5 13. e6 Nxf4 14. exd7 Ne6 15.
a4 Qxd7 16. Re1 f5 17. Nc4 Qc7 18. Ncd2 c4 19. Nd4 Nxd4 20. exd4 Rae8 21. Qf3
1-0

[Event "AUTO-OPEN-4144"]
[Site "http://www.queenalice.com/game.php?id=1602180"]
[Date "2020.3.10"]
[Round "1"]
[White "grepovsky"]
[Black "wermon"]
[Result "1-0"]
[WhiteElo "2261"]
[BlackElo "2092"]

1. e4 c5 2. Nf3 d6 3. d4 cxd4 4. Nxd4 Nf6 5. Nc3 a6 6. Be3 e5 7. Nb3 Be6 8. Be2
Be7 9. a4 Nbd7 10. O-O O-O 11. Qd2 Rc8 12. f3 Nc5 13. Nxc5 dxc5 14. Rfd1 Qxd2
15. Rxd2 Rfd8 16. Rxd8+ Rxd8 17. Kf2 Ne8 18. a5 f5 19. Ke1 Nf6 20. h3 fxe4 21.
fxe4 Bf7 22. g4 h6 23. Ra4 Be8 24. Bc4+ Kh7 25. Ra1 Bc6 26. Bd3 c4 27. Bxc4 Nxe4
28. Bd3 Bh4+ 29. Ke2 Rxd3 30. cxd3 Nd6 31. Rf1 Bg2 32. Rg1 Bxh3 33. Ne4 Nxe4 34.
dxe4 Kg6 35. Kf3 h5 36. gxh5+ Kxh5 37. Rxg7 Bf1 38. Rh7+ Kg6 39. Rxh4 Bb5 40.
Rh6+ Kg7 41. Re6 1-0

[Event "AUTO-OPEN-4144"]
[Site "http://www.queenalice.com/game.php?id=1602181"]
[Date "2020.3.10"]
[Round "1"]
[White "wermon"]
[Black "grepovsky"]
[Result "0-1"]
[WhiteElo "2101"]
[BlackElo "2265"]

1. e4 c5 2. Nf3 Nc6 3. d4 cxd4 4. Nxd4 Nf6 5. Nc3 d6 6. Bg5 e6 7. Qd2 Be7 8.
O-O-O O-O 9. f4 a6 10. Nf3 b5 11. a3 Bb7 12. e5 dxe5 13. fxe5 Ne8 14. Bd3 Nxe5
15. Bxe7 Nxd3+ 16. Qxd3 Qxe7 17. h4 Nf6 18. Qd6 Qxd6 19. Rxd6 Rfd8 20. Rhd1 Rxd6
21. Rxd6 Kf8 22. Rd3 g6 23. Nd1 Ke7 24. Nf2 Rd8 25. Rxd8 Kxd8 26. Ne1 Ke7 27.
Kd2 h6 28. Nfd3 Kd6 29. c3 e5 30. Nf2 Ne4+ 31. Nxe4+ Bxe4 32. Ke3 Kd5 33. Nf3 f5
34. Ne1 f4+ 35. Kd2 g5 36. hxg5 hxg5 37. b3 g4 38. Ke2 a5 39. Kd2 a4 40. c4+
bxc4 41. bxa4 Kd4 42. a5 c3+ 43. Ke2 f3+ 0-1

[Event "AUTO-OPEN-4144"]
[Site "http://www.queenalice.com/game.php?id=1602202"]
[Date "2020.3.10"]
[Round "1"]
[White "LOMBARDY"]
[Black "wermon"]
[Result "0-1"]
[WhiteElo "2127"]
[BlackElo "2074"]

1. e4 c5 2. Nf3 e6 3. d4 cxd4 4. Nxd4 Nf6 5. Nc3 Bb4 6. Bd3 Nc6 7. Ne2 O-O 8.
O-O a6 9. a3 Be7 10. Kh1 d5 11. exd5 Nxd5 12. Ne4 b5 13. c4 Nc7 14. cxb5 Nxb5
15. Be3 f5 16. N4c3 Nbd4 17. Nxd4 Nxd4 18. Bc4 Bf6 19. Bxd4 Qxd4 20. Qe2 Re8 21.
Rad1 Qh4 22. Ba2 Kh8 23. Nd5 Bb7 24. Nxf6 Qxf6 25. Rd6 Qg6 26. f3 Bd5 27. Bb1 h5
28. Rxa6 Rab8 29. b4 Ra8 30. Rxa8 Rxa8 31. Qd3 Rc8 32. Qd2 Ra8 33. Qb2 Qf7 34.
Re1 Qa7 35. h4 Qxa3 36. Qd4 Qa1 37. Rg1 Qxd4 0-1

[Event "AUTO-OPEN-4144"]
[Site "http://www.queenalice.com/game.php?id=1602203"]
[Date "2020.3.10"]
[Round "1"]
[White "wermon"]
[Black "LOMBARDY"]
[Result "0-1"]
[WhiteElo "2112"]
[BlackElo "2129"]

1. e4 e5 2. Nf3 Nc6 3. Bb5 a6 4. Ba4 Nf6 5. O-O b5 6. Bb3 Be7 7. Re1 d6 8. c3
Nb8 9. d4 Nbd7 10. Ng5 O-O 11. Bxf7+ Rxf7 12. Ne6 Qe8 13. Nxc7 Qd8 14. Nxa8 Bb7
15. f4 Nxe4 16. d5 Nef6 17. fxe5 Nxe5 18. Bf4 Qxa8 19. Bxe5 dxe5 20. Rxe5 Bd6
21. Re2 Bc5+ 22. Kh1 Nxd5 23. Rd2 Nf4 24. h3 Rf8 25. Qg4 Nxg2 26. Qe6+ Kh8 27.
Kh2 Qb8+ 28. Kh1 Rf1# 0-1

[Event "AUTO-OPEN-4144"]
[Site "http://www.queenalice.com/game.php?id=1602214"]
[Date "2020.3.10"]
[Round "1"]
[White "Donidon"]
[Black "wermon"]
[Result "1-0"]
[WhiteElo "2370"]
[BlackElo "2078"]

1. e4 c5 2. Nf3 Nc6 3. d4 cxd4 4. Nxd4 Nf6 5. Nc3 e5 6. Ndb5 d6 7. Bg5 a6 8.
Bxf6 gxf6 9. Na3 b5 10. Nd5 Be6 11. c4 bxc4 12. Bxc4 Bg7 13. O-O O-O 14. Ne3
Bxc4 15. Naxc4 Nd4 16. Nf5 Nxf5 17. exf5 d5 18. Ne3 d4 19. Nc4 Rc8 20. Qd3 Re8
21. b3 e4 22. Qg3 1-0

[Event "AUTO-OPEN-4144"]
[Site "http://www.queenalice.com/game.php?id=1602215"]
[Date "2020.3.10"]
[Round "1"]
[White "wermon"]
[Black "Donidon"]
[Result "0-1"]
[WhiteElo "2083"]
[BlackElo "2366"]

1. e4 c5 2. Nf3 Nc6 3. d4 cxd4 4. Nxd4 d6 5. Nc3 Nf6 6. Bg5 e6 7. Qd2 Be7 8.
O-O-O O-O 9. f4 Nxd4 10. Qxd4 Qa5 11. Bc4 e5 12. fxe5 dxe5 13. Qf2 Ng4 14. Qd2
Bxg5 15. Qxg5 Nf2 16. Rhf1 Nxd1 17. Rxd1 Be6 18. Nd5 Bxd5 0-1

[Event "AUTO-MASTER-2955"]
[Site "http://www.queenalice.com/game.php?id=1611699"]
[Date "2020.5.10"]
[Round "1"]
[White "Donyelko"]
[Black "wermon"]
[Result "1-0"]
[WhiteElo "2069"]
[BlackElo "1965"]

1. e4 c5 2. Nf3 d6 3. Bc4 e6 4. c3 Nf6 5. e5 Ng4 6. Qe2 Qc7 7. d4 cxd4 8. exd6
Bxd6 9. g3 dxc3 10. Nxc3 Nc6 11. Bb3 a6 12. Ne4 Bb4+ 13. Bd2 Qe7 14. O-O O-O 15.
a3 Bxd2 16. Qxd2 b5 17. Qd6 Qxd6 18. Nxd6 Nf6 19. Nxc8 Rfxc8 20. Rfd1 Rd8 21.
Rxd8+ Rxd8 22. Kg2 Rd3 23. Bc2 Rd7 24. Rc1 Nd4 25. Be4 g6 26. Nxd4 Rxd4 27. Bb7
Rd6 28. Kf3 Nd5 29. Rc6 Rxc6 30. Bxc6 Nc7 31. Ke4 Kf8 32. Kd4 Ke7 33. Kc5 f5 34.
f4 e5 35. fxe5 Ke6 36. Kb6 Nd5+ 37. Kxa6 g5 38. Kxb5 Kxe5 39. Kc5 Ne7 40. Bg2 f4
41. g4 Ng6 42. a4 Ne7 43. b4 h5 44. h3 hxg4 45. hxg4 Ke6 46. Kb6 Nd5+ 47. Bxd5+
Kxd5 48. a5 f3 49. a6 f2 50. a7 f1 1-0

[Event "AUTO-MASTER-2955"]
[Site "http://www.queenalice.com/game.php?id=1611700"]
[Date "2020.5.10"]
[Round "1"]
[White "wermon"]
[Black "Donyelko"]
[Result "0-1"]
[WhiteElo "2050"]
[BlackElo "1898"]

1. f4 f5 2. Nf3 Nf6 3. e3 b6 4. Nd4 d6 5. Bb5+ Bd7 6. Ne6 Qc8 7. Nc3 c6 8. Nxf8
Rxf8 9. Qf3 d5 10. Be2 Be6 11. b3 Nbd7 12. Bb2 Bf7 13. Qg3 g6 14. Kd1 Nc5 15.
Ke1 Nce4 16. Nxe4 dxe4 17. Qh4 Bg8 18. Bxf6 Rxf6 19. Qh6 Kd7 20. d4 Qf8 21. Qh4
Kc7 22. Kf2 Rd8 23. a4 Qg7 24. c4 a5 25. Rhb1 c5 26. Rd1 cxd4 27. exd4 Rfd6 28.
d5 e6 29. Rac1 exd5 30. cxd5+ Kb7 31. Bc4 Bxd5 32. Qg3 Bxc4 33. Rxd6 Qb2+ 34.
Kg1 Qxc1+ 35. Kf2 Qf1+ 36. Ke3 Qe2+ 37. Kd4 Qd2+ 38. Kxc4 Rc8+ 39. Kb5 Rc5# 0-1

[Event "AUTO-MASTER-2955"]
[Site "http://www.queenalice.com/game.php?id=1611714"]
[Date "2020.5.10"]
[Round "1"]
[White "wermon"]
[Black "Foliko"]
[Result "0-1"]
[WhiteElo "2066"]
[BlackElo "2054"]

1. d4 c6 2. c4 d5 3. Nf3 Bf5 4. Nc3 e6 5. Bf4 Nf6 6. e3 Bg4 7. Bd3 dxc4 8. Bxc4
Bb4 9. Qb3 Qe7 10. a3 Ba5 11. Ne5 Bf5 12. Be2 Bxc3+ 13. bxc3 O-O 14. Bg5 h6 15.
Bxf6 gxf6 16. Ng4 Kh7 17. Nxf6+ Kh8 18. e4 Bg6 19. e5 b6 20. Bf3 Qc7 21. Qc4 Rc8
22. Kd2 Nd7 23. Nxd7 Qxd7 24. Qb3 Rab8 25. Rae1 a5 26. Be4 c5 27. Ke3 Qe7 28.
Kf3 Qg5 29. Qc2 Bh5+ 30. g4 Qxg4+ 31. Ke3 cxd4+ 32. Kxd4 Rb7 33. Qc1 Rd7+ 34.
Ke3 Rc4 35. f3 Rxe4+ 36. Kf2 Qxf3+ 37. Kg1 Rg4# 0-1

[Event "AUTO-MASTER-2955"]
[Site "http://www.queenalice.com/game.php?id=1611723"]
[Date "2020.5.10"]
[Round "1"]
[White "wermon"]
[Black "CCapivara"]
[Result "0-1"]
[WhiteElo "2078"]
[BlackElo "2188"]

1. e4 d6 2. d4 Nf6 3. Nc3 c6 4. f4 Qa5 5. e5 Ne4 6. Qf3 Bf5 7. Bd3 Nxc3 8. Bxf5
Nb5+ 9. Bd2 Qb6 10. c3 e6 11. Bd3 d5 12. f5 Nd7 13. fxe6 fxe6 14. Bg5 g6 15.
Bxb5 Qxb5 16. Qh3 Kf7 17. Ne2 Re8 18. Qf3+ Kg7 19. Rf1 Re7 20. Bxe7 Bxe7 21.
Qf7+ Kh6 22. g3 Qxb2 23. Rc1 Bg5 24. Rd1 Nb6 25. Qxe6 Nc4 26. Qh3+ Kg7 27. Rf3
h5 28. Nf4 Bxf4 0-1

[Event "AUTO-MASTER-2955"]
[Site "http://www.queenalice.com/game.php?id=1611724"]
[Date "2020.5.10"]
[Round "1"]
[White "CCapivara"]
[Black "wermon"]
[Result "1-0"]
[WhiteElo "2137"]
[BlackElo "2092"]

1. e4 c5 2. Nf3 e6 3. d4 cxd4 4. Nxd4 Nf6 5. Nc3 d6 6. Be3 a6 7. Be2 Be7 8. O-O
Qc7 9. f4 Nc6 10. a3 Bd7 11. Bf3 O-O 12. g4 e5 13. Nf5 Ne8 14. Nd5 1-0

[Event "AUTO-MASTER-3002"]
[Site "http://www.queenalice.com/game.php?id=1631581"]
[Date "2020.11.1"]
[Round "1"]
[White "Donyelko"]
[Black "wermon"]
[Result "1-0"]
[WhiteElo "2081"]
[BlackElo "1953"]

1. d4 d5 2. c4 e6 3. Nc3 Bb4 4. a3 Bxc3+ 5. bxc3 c5 6. cxd5 exd5 7. Bb2 cxd4 8.
Qxd4 Nf6 9. Qc5 Nbd7 10. Qe3+ Qe7 11. Qxe7+ Kxe7 12. Nf3 b6 13. e3 a5 14. a4 Nc5
15. Bb5 1-0

[Event "AUTO-MASTER-3002"]
[Site "http://www.queenalice.com/game.php?id=1631582"]
[Date "2020.11.1"]
[Round "1"]
[White "wermon"]
[Black "Donyelko"]
[Result "0-1"]
[WhiteElo "1978"]
[BlackElo "2056"]

1. e4 e5 2. Nf3 Nc6 3. Bb5 a6 4. Ba4 b5 5. Bb3 d6 6. h3 Na5 7. c3 Nxb3 8. Qxb3
Be6 9. Qd1 Nf6 10. d3 Be7 11. O-O O-O 12. Be3 c6 13. Nbd2 d5 14. Nxe5 Qc8 0-1

[Event "AUTO-MASTER-3002"]
[Site "http://www.queenalice.com/game.php?id=1631608"]
[Date "2020.11.1"]
[Round "1"]
[White "wermon"]
[Black "tariann"]
[Result "0-1"]
[WhiteElo "1985"]
[BlackElo "2219"]

1. f4 e5 2. fxe5 d6 3. exd6 Bxd6 4. Nf3 g5 5. g3 h5 6. Ng1 h4 7. Bg2 hxg3 8. h3
g4 9. hxg4 Rxh1 10. Bxh1 Qh4 0-1